Central Library OPAC University of Rajshahi

কবি রবীন্দ্র ও রবীন্দ্র কাব্য / (Record no. 38350)

MARC details
000 -LEADER
fixed length control field 00976nam a2200217 a 4500
001 - CONTROL NUMBER
control field 38350
003 - CONTROL NUMBER IDENTIFIER
rucl marc code BD-RjUL
005 - DATE AND TIME OF LATEST TRANSACTION
control field 20211209052759.0
008 - FIXED-LENGTH DATA ELEMENTS--GENERAL INFORMATION
fixed length control field 151109s1952 ii ||||| |||| 00| 0 ben d
035 ## - SYSTEM CONTROL NUMBER
System control number (BD-RjUL)38455
040 ## - CATALOGING SOURCE
Original cataloging agency BD-RjUL
Language of cataloging ben
Transcribing agency BD-RjUL
041 ## - LANGUAGE CODE
Language code of text/sound track or separate title ben
082 ## - DEWEY DECIMAL CLASSIFICATION NUMBER
Edition number 22
Classification number 891.4414
Author mark and year MAK 1952
100 ## - MAIN ENTRY--PERSONAL NAME
Personal name মজুমদার, মোহিতলাল
9 (RLIN) 118516
245 ## - TITLE STATEMENT
Title কবি রবীন্দ্র ও রবীন্দ্র কাব্য /
Statement of responsibility, etc. মোহিতলাল মজুমদার
Number of part/section of a work প্রথম খণ্ড
260 ## - PUBLICATION, DISTRIBUTION, ETC. (IMPRINT)
Place of publication, distribution, etc. কলিকাতা :
Name of publisher, distributor, etc. কমলা বুক ডিপো,
Date of publication, distribution, etc. ১৯৫২
300 ## - PHYSICAL DESCRIPTION
Pagination ১৮২ পৃ. ;
Size ২৫ সেমি.
600 ## - SUBJECT ADDED ENTRY--PERSONAL NAME
Personal name ঠাকুর, রবীন্দ্রনাথ,
Dates associated with a name ১৮৬১-১৯৪১
General subdivision সমালোচনা ও ব্যাখ্যা
Titles and other words associated with a name Tagore, Rabindranath,
Dates associated with a name 1861-1941
General subdivision Criticism and interpretation.
942 ## - ADDED ENTRY ELEMENTS (KOHA)
Source of classification or shelving scheme Dewey Decimal Classification
Koha item type Books
Holdings
Lost status Source of classification or shelving scheme Damaged status Not for loan Collection code Permanent Location Current Location Shelving location Date acquired Source of acquisition Cost, normal purchase price Total Checkouts Full call number Date last seen Date checked out Copy number Koha item type
  Dewey Decimal Classification     Non-fiction Central Library, University of Rajshahi Central Library, University of Rajshahi   30/09/1963 Kamla book 5.50 4 B 891.4414 MAK V-1 1952 09/05/2024 08/05/2024 C-2 Books